Score 0/12 Timer 04:00
0 Plays Today
Hint Answer % Correct
Bat MobileBatman
97.7%
Stark IndustriesIronman
96.9%
It's a bird......It's a plane......It's....Superman
96.1%
WebsSpiderman
96.1%
*Smash*Hulk
95.8%
Lightning GodThor
93.4%
First AvengerCaptain America
91.9%
Best With A BowHawkeye
83%
RingGreen Lantern
79.9%
Russian SpyBlack Widow
77.2%
Princess Diana PrinceWonder Woman
76.1%
You See Me.......Now You Don'tFlash
42.9%
Remove Ads.
Support Sporcle.
Get the best of Sporcle when you Go Orange. This ad-free experience offers more features, more stats, and more fun while also helping to support Sporcle. Thank you for becoming a member.

You're not logged in!

Compare scores with friends on all Sporcle quizzes.
OR
Log In

Show Comments

Extras

Created Oct 14, 2013ReportNominate
Tags:Here

Top Quizzes Today


Score Distribution

Your Account Isn't Verified!

In order to create a playlist on Sporcle, you need to verify the email address you used during registration. Go to your Sporcle Settings to finish the process.

Report this User

Report this user for behavior that violates our Community Guidelines.

Details: